000 00628nam a2200217Ia 4500
003 OSt
005 20220928140151.0
006 a|||||r|||| 00| 0
007 ta
008 220927b |||||||| |||| 00| 0 eng d
024 _a7147
037 _cTextual
040 _aSDCL
_cSDCL
_beng
041 _2eng
_aeng
082 _aX:74p1,N81, M2
100 _aLaumer Helmut
_9494334
245 0 _aInternational research on business cycle surveys
_b Papers presented at the 15th CIRET conference, Athens 1981
260 _c1982
942 _hX:74p1,N81, M2
_cTEXL
_2CC
999 _c810243
_d810243